[Event "Match/TV Timman-Huebner +1-0=0"]
[Site "Cologne"]
[Date "1985.??.??"]
[Round "?"]
[White "Huebner, Robert"]
[Black "Timman, Jan H"]
[Result "0-1"]
[WhiteElo "2605"]
[BlackElo "2650"]
[Annotator "ChessBase"]
[PlyCount "114"]
[EventDate "1985.??.??"]
[EventType "game (rapid)"]
[EventRounds "1"]
[EventCountry "GER"]
[SourceTitle "EXT 2006"]
[Source "ChessBase"]
[SourceDate "2005.11.24"]
[SourceVersion "1"]
[SourceVersionDate "2005.11.24"]
[SourceQuality "1"]

1. c4 c5 2. Nf3 Nf6 3. Nc3 d5 4. cxd5 Nxd5 5. e4 Nb4 6. Bb5+ N8c6 7. d4 cxd4 8.
a3 dxc3 9. Qxd8+ Kxd8 10. axb4 cxb2 11. Bxb2 e6 12. O-O f6 13. e5 f5 14. Ng5
Ke7 15. Bxc6 bxc6 16. Bd4 Ke8 17. Bc5 Bxc5 18. bxc5 Ke7 19. Rfd1 a5 20. h4 Bd7
21. Ra3 a4 22. Rd4 Ra5 23. Rc4 h6 24. Nf3 Rha8 25. Nd4 g5 26. hxg5 hxg5 27. f3
Kd8 28. Ne2 Rb5 29. Nc3 Raa5 30. Nxa4 Kc7 31. Rd3 Bc8 32. Rd6 Rb1+ 33. Kh2 Re1
34. f4 gxf4 35. Nb6 Rxe5 36. Nxc8 Raxc5 37. Rxe6 Rxc4 38. Rxe5 Kxc8 39. Rxf5
Kd7 40. g3 Rc2+ 41. Kh3 fxg3 42. Kxg3 {[%mdl 4096] R <->R+Pc6} Ke6 (42... Re2
$1 $19 {46}) 43. Rh5 $1 $11 (43. Rg5 $1 $11) 43... Kd6 44. Kf3 $1 $11 (44. Kf4
Re2 $19) 44... Rc5 45. Rh6+ Kd5 46. Ke3 Kc4 47. Kd2 Kb3 48. Rd6 Kb2 49. Kd1
Rc1+ 50. Kd2 Rc2+ 51. Kd1 Rc3 52. Kd2 c5 53. Rd5 $2 (53. Ra6 $11 c4 54. Ra2+
$11) (53. Rb6+ $11 Rb3 54. Rc6 Rb5 55. Kd3 Kb3 56. Kd2 c4 57. Kc1 $11) 53...
Rc4 $19 {34} (53... Rc2+ $19 {32}) (53... c4 $19 {28}) 54. Kd1 (54. Rd6 Rc2+
55. Kd1 c4 $19) 54... Rc2 55. Rh5 c4 56. Rb5+ Kc3 57. Rh5 Rg2 $19 {30} 0-1

[Event "Netherlands"]
[Site "Netherlands"]
[Date "1985.??.??"]
[Round "?"]
[White "Timman, Jan H"]
[Black "Sosonko, Gennadi"]
[Result "1-0"]
[WhiteElo "2650"]
[BlackElo "2535"]
[PlyCount "139"]
[EventDate "1985.??.??"]
[EventType "game"]
[EventRounds "1"]
[EventCountry "NED"]
[SourceTitle "EXT 2010"]
[Source "ChessBase"]
[SourceDate "2010.11.25"]
[SourceVersion "1"]
[SourceVersionDate "2010.11.25"]
[SourceQuality "1"]

1. e4 c5 2. Nf3 Nc6 3. d4 cxd4 4. Nxd4 Nf6 5. Nc3 d6 6. Bg5 e6 7. Qd2 Be7 8.
O-O-O Nxd4 9. Qxd4 O-O 10. Bc4 Qa5 11. f4 Bd7 12. e5 dxe5 13. fxe5 Bc6 14. Bd2
Nd7 15. Nd5 Qd8 16. Nxe7+ Qxe7 17. Rhe1 Nb6 18. Bf1 Rfd8 19. Qg4 Qc5 20. Bh6
Rxd1+ 21. Kxd1 Qf8 22. Bg5 Nd7 23. Kc1 Rc8 24. Qd4 Bd5 25. Kb1 Qc5 26. Qxc5
Nxc5 27. Be3 f6 28. exf6 gxf6 29. b3 a6 30. Kb2 Nd7 31. c4 Bc6 32. a4 Kf7 33.
Rd1 Rg8 34. a5 Ne5 35. Rd2 Ng4 36. Bg1 Ne5 37. Bd4 Rg5 38. b4 Ng4 39. Bg1 h5
40. h3 Ne5 41. Be3 Rg8 42. Bd4 Rg3 43. Bf2 Rg5 44. Bh4 Rg8 45. Rf2 f5 46. Kc3
Be4 47. Rd2 Rc8 48. Rd8 Rxd8 49. Bxd8 Nd7 50. g3 e5 51. Be2 Kg6 52. b5 Bg2 53.
Kb4 f4 54. gxf4 exf4 55. Bd3+ Kh6 56. Bc7 Kg5 57. bxa6 bxa6 58. c5 Bb7 59. Bd8+
Kh6 60. c6 Bxc6 61. Bxa6 f3 62. Bh4 Nb8 63. Kc5 Nxa6+ 64. Kxc6 Kg6 65. Kb6 Nb4
66. Kc5 Na6+ 67. Kb5 Nc7+ 68. Kb6 Nd5+ 69. Kc5 Nc7 70. Kd6 1-0

[Event "Zagreb/ Rijeka"]
[Site "Zagreb/ Rijeka"]
[Date "1985.05.08"]
[Round "14"]
[White "Timman, Jan H"]
[Black "Hulak, Krunoslav"]
[Result "1-0"]
[WhiteElo "2650"]
[BlackElo "2450"]
[PlyCount "73"]
[EventDate "1985.04.21"]
[EventType "tourn"]
[EventRounds "15"]
[EventCountry "CRO"]
[EventCategory "11"]
[SourceTitle "MCL"]
[Source "ChessBase"]
[SourceDate "1999.07.01"]
[SourceVersion "1"]
[SourceVersionDate "1999.07.01"]
[SourceQuality "1"]

1. d4 Nf6 2. c4 e6 3. Nc3 Bb4 4. Bg5 h6 5. Bh4 c5 6. d5 Bxc3+ 7. bxc3 d6 8. e3
e5 9. f3 Nbd7 10. Bd3 g5 11. Bg3 Qe7 12. Ne2 e4 13. Bxe4 Nxe4 14. fxe4 Nf6 15.
e5 dxe5 16. Nc1 Ne4 17. Qf3 Nxg3 18. Qxg3 f5 19. O-O e4 20. a4 a5 21. Rb1 Ra6
22. Rxb7 Bxb7 23. Qb8+ Qd8 24. Qxb7 Rf6 25. Qb5+ Kf7 26. Qxc5 Qd6 27. Qd4 Rc8
28. Nb3 Qa3 29. Nd2 $18 {[#]} Qc5 (29... Qe7 30. Rb1 Qc5 31. Rb7+ Kg6 32. Rb5
Qxd4 33. cxd4 $18) 30. Qxf6+ $1 Kxf6 31. Nxe4+ Ke5 32. Nxc5 Rxc5 33. Rd1 Rxc4
34. d6 Rc8 35. d7 Rd8 36. Kf2 Ke6 37. Ke2 1-0

[Event "Interzonal-13b"]
[Site "Taxco"]
[Date "1985.06.22"]
[Round "9"]
[White "Timman, Jan H"]
[Black "Agdestein, Simen"]
[Result "1-0"]
[WhiteElo "2650"]
[BlackElo "2500"]
[PlyCount "71"]
[EventDate "1985.06.11"]
[EventType "tourn"]
[EventRounds "15"]
[EventCountry "MEX"]
[EventCategory "11"]
[SourceTitle "IZT"]
[Source "ChessBase"]
[SourceDate "1999.07.01"]
[SourceVersion "1"]
[SourceVersionDate "1999.07.01"]
[SourceQuality "1"]

1. e4 e6 2. d4 d5 3. Nc3 Bb4 4. e5 c5 5. Bd2 Ne7 6. Nb5 Bxd2+ 7. Qxd2 O-O 8. c3
Nbc6 9. f4 a6 10. Nd6 cxd4 11. cxd4 f6 12. Nf3 Ng6 13. Nxc8 fxe5 14. dxe5 Rxc8
15. g3 Qb6 16. Bh3 Kh8 17. a3 Na5 18. Qd4 Qb5 19. a4 Qd7 20. Qb6 Nc6 21. O-O
Nge7 22. b4 Nd8 23. Qd6 Qxd6 24. exd6 Nec6 25. b5 Na7 26. bxa6 Rc6 27. axb7
Nxb7 28. d7 Rd6 29. Ne5 Nc6 30. Rab1 Ncd8 31. Rfc1 Kg8 32. Rc7 Na5 33. Rb8 Nc4
34. Rxd8 Rxd8 35. Rc8 R6xd7 36. Bxe6+ 1-0

[Event "Interpolis-09"]
[Site "Tilburg"]
[Date "1985.09.03"]
[Round "6"]
[White "Timman, Jan H"]
[Black "Ljubojevic, Ljubomir"]
[Result "1-0"]
[WhiteElo "2640"]
[BlackElo "2615"]
[PlyCount "77"]
[EventDate "1985.08.28"]
[EventType "tourn"]
[EventRounds "14"]
[EventCountry "NED"]
[EventCategory "15"]
[SourceTitle "MCL"]
[Source "ChessBase"]
[SourceDate "1999.07.01"]
[SourceVersion "1"]
[SourceVersionDate "1999.07.01"]
[SourceQuality "1"]

1. e4 c5 2. Nf3 d6 3. d4 cxd4 4. Nxd4 Nf6 5. Nc3 a6 6. Bg5 e6 7. f4 Qb6 8. Qd2
Qxb2 9. Rb1 Qa3 10. f5 Nc6 11. fxe6 fxe6 12. Nxc6 bxc6 13. Be2 Be7 14. Rb3 Qa5
15. O-O Ra7 16. Bxf6 gxf6 17. Rb8 O-O 18. Rf3 Qe5 19. Qh6 f5 20. Rh3 Bf6 21.
Bxa6 Qd4+ 22. Kh1 Qf2 23. Rf3 Qe1+ 24. Rf1 Qxc3 25. Rxc8 Raf7 26. exf5 exf5 27.
Rxf8+ Rxf8 28. Bd3 Qe5 29. Bxf5 Qe7 30. a4 Kh8 31. Bd3 Qg7 32. Qh5 h6 33. a5
Qg5 34. Qh3 Bg7 35. a6 Rxf1+ 36. Bxf1 Bd4 37. Qc8+ Qg8 38. Qb7 Qg7 39. Qb8+ 1-0

[Event "Eindhoven CC-ch"]
[Site "Eindhoven"]
[Date "1987.??.??"]
[Round "?"]
[White "Douven, Rudy C"]
[Black "Timman, Jan H"]
[Result "0-1"]
[WhiteElo "2425"]
[BlackElo "2590"]
[PlyCount "90"]
[EventDate "1987.??.??"]
[EventType "swiss"]
[EventRounds "9"]
[EventCountry "NED"]
[SourceTitle "EXT 2002"]
[Source "ChessBase"]
[SourceDate "2001.11.25"]
[SourceVersion "1"]
[SourceVersionDate "2001.11.25"]
[SourceQuality "1"]

1. d4 d6 2. c4 e5 3. Nf3 e4 4. Ng5 f5 5. Nh3 Nf6 6. Nc3 g6 7. e3 Bg7 8. Nf4 Nc6
9. h4 Ne7 10. Bd2 c6 11. Be2 h6 12. Qb3 Qc7 13. O-O-O Bd7 14. Kb1 O-O-O 15. Rc1
Kb8 16. Qa3 Bc8 17. c5 dxc5 18. Qxc5 Qd6 19. Qa5 g5 20. Nh5 Nxh5 21. Bxh5 Bf6
22. hxg5 hxg5 23. Bf7 b6 24. Qa4 Rh2 25. Rxh2 Qxh2 26. Nd1 c5 27. g3 Qh7 28.
Qc4 Bxd4 29. exd4 Rxd4 30. Qe2 Qxf7 31. Bxg5 Nd5 32. Nc3 Rd3 33. Nxd5 Qxd5 34.
b3 a5 35. Qb2 Kb7 36. Be3 Be6 37. Qg7+ Ka6 38. Qb2 Qd7 39. Qh8 Bd5 40. Qb2 Qb5
41. Rc3 a4 42. bxa4 Qxa4 43. a3 Qd1+ 44. Rc1 Qb3 45. Rh1 Qa4 0-1

[Event "Hilversum KRO m"]
[Site "Hilversum"]
[Date "1987.??.??"]
[Round "5"]
[White "Timman, Jan H"]
[Black "Ljubojevic, Ljubomir"]
[Result "1-0"]
[WhiteElo "2630"]
[BlackElo "2625"]
[PlyCount "47"]
[EventDate "1987.12.??"]
[EventType "match"]
[EventRounds "6"]
[EventCountry "NED"]
[SourceTitle "CBM 005"]
[Source "ChessBase"]
[SourceDate "1988.08.01"]
[SourceVersion "1"]
[SourceVersionDate "1988.08.01"]
[SourceQuality "1"]

1. d4 Nf6 2. c4 e6 3. Nc3 d5 4. cxd5 exd5 5. Bg5 c6 6. e3 Nbd7 7. Bd3 Bd6 8.
Nf3 Nf8 9. Ne5 Qb6 10. O-O Qxb2 11. Rc1 Ng6 12. f4 O-O 13. Rc2 Qb6 14. Bxf6
gxf6 15. Ng4 Bxg4 16. Qxg4 Kh8 17. Rb1 Qc7 18. Nxd5 Qd8 19. Nc3 Bxf4 20. Re2
Re8 21. Ne4 Bxe3+ 22. Rxe3 Qxd4 23. Rbe1 Ne5 24. Qf5 1-0

[Event "World Cup"]
[Site "Brussels"]
[Date "1988.??.??"]
[Round "13"]
[White "Timman, Jan H"]
[Black "Winants, Luc"]
[Result "1-0"]
[WhiteElo "2675"]
[BlackElo "2465"]
[PlyCount "47"]
[EventDate "1988.04.??"]
[EventType "tourn"]
[EventRounds "17"]
[EventCountry "BEL"]
[EventCategory "15"]
[SourceTitle "CBM 007"]
[Source "ChessBase"]
[SourceDate "1988.12.01"]
[SourceVersion "1"]
[SourceVersionDate "1988.12.01"]
[SourceQuality "1"]

1. d4 Nf6 2. c4 e6 3. Nc3 Bb4 4. Bg5 h6 5. Bh4 c5 6. d5 d6 7. e3 g5 8. Bg3 Ne4
9. Qc2 Qf6 10. Nge2 exd5 11. O-O-O Bxc3 12. Nxc3 Nxc3 13. Qxc3 Qxc3+ 14. bxc3
dxc4 15. Bxc4 Be6 16. Bxe6 fxe6 17. Rxd6 Ke7 18. Rhd1 Kf6 19. f4 Nc6 20. fxg5+
hxg5 21. Rd7 b6 22. Rf1+ Kg6 23. Rd6 Nd8 24. Be5 1-0

[Event "Prague"]
[Site "Prague"]
[Date "1990.??.??"]
[Round "5"]
[White "Kavalek, Lubomir"]
[Black "Timman, Jan H"]
[Result "0-1"]
[WhiteElo "2550"]
[BlackElo "2660"]
[Annotator "Ftacnik,L"]
[PlyCount "74"]
[EventDate "1990.08.??"]
[EventType "game"]
[EventRounds "1"]
[EventCountry "CSR"]
[SourceTitle "CBM 020"]
[Source "ChessBase"]
[SourceDate "1991.02.01"]
[SourceVersion "1"]
[SourceVersionDate "1991.02.01"]
[SourceQuality "1"]

1. e4 {Boensch} c5 2. Nf3 e6 3. d4 cxd4 4. Nxd4 Nc6 5. Nc3 a6 6. Be3 Nf6 7. Bd3
Qc7 8. O-O Ne5 (8... Bd6 {Boensch} 9. Nxc6 dxc6 {N} 10. f4 e5 11. f5 Qe7 12.
Kh1 b5 13. a4 Bb7 14. Qf3 Bc5 {Garcia.Gild - Zapata, Cali 1990 - Inf.49/224})
9. h3 Bc5 10. Qe2 d6 11. f4 Ng6 12. Nb3 Bxe3+ 13. Qxe3 b5 14. Rae1 {N} (14. a3
O-O 15. Rad1 Bb7 16. Rf2 Rad8 $6 17. Rfd2 e5 18. f5 Nf4 19. Bf1 d5 20. Qc5 $1
$14 Qb8 21. exd5 Rd6 $2 22. Na5 Rc8 23. Nc6 Qc7 $2 24. Bxb5 $1 $18 {Timman,
J-Illescas Cordoba,M/Linares/1988/  ->CBM 06}) (14. Rf2 O-O 15. a3 Bb7 (15...
Rb8 {Boensch} 16. Bf1 Bd7 17. Rd1 a5 18. Qd4 b4 19. axb4 axb4 20. Na2 e5 21.
Qxd6 Qa7 $15 {Balaschov - Tunik, Moskau 1989 - Inf.47/233}) 16. Rd1 Rac8 17.
Rfd2 Rfd8 18. Bf1 (18. Be2 e5 19. f5 $6 Ne7 20. Bf3 d5 21. exd5 Nxf5 22. Qa7
Nd6 $17 {Denny-Illescas Cordoba,M/Thessaloniki olm/1988/ ->TD88_06}) 18... e5
19. fxe5 Nxe5 20. Nd4 Qb6 21. Nf5 Qxe3+ 22. Nxe3 Nxe4 23. Nxe4 Bxe4 24. Rxd6
Rxd6 25. Rxd6 Nc6 26. c4 $10 {Novik-Landa/URS-qual Jurmala/1989/ ->CBM 13})
14... O-O 15. g4 $6 (15. a3 Bb7 16. Rf2) 15... Qa7 $1 (15... e5 16. f5 Nf4 17.
Rxf4 exf4 18. Qxf4 $36) 16. e5 (16. g5 Nh5 17. Qxa7 Rxa7 18. Ne2 e5 $17) (16.
Qxa7 Rxa7 17. Ne2 $15) 16... dxe5 17. fxe5 (17. Qxa7 Rxa7 18. Bxg6 hxg6 19.
Rxe5 Rd8 $15) 17... Nd7 18. Bxg6 (18. Be4 Bb7 19. Qxa7 Rxa7 20. Bxg6 hxg6 $17 {
x e5}) 18... hxg6 19. Rf4 (19. Nd4 Bb7 {/\ Rac8, Rc5-/+}) 19... Nb6 20. a4 (20.
Nc5 Nc4 21. Qf2 Nxb2) 20... Qb8 $1 (20... Nc4 21. Qxa7 Rxa7 22. axb5 Nxb2 $2
23. b6 Rb7 24. Rb1 $18) 21. Na5 (21. axb5 axb5 22. Rb4 (22. Nxb5 $2 Nd5) 22...
Bd7 $17) 21... Bd7 22. Rd4 Qc7 (22... bxa4 $2 23. Rb4 $18) 23. axb5 (23. Red1
Rfc8) 23... axb5 24. b4 (24. Nb3 Nc4 25. Qc1 Nxe5 26. Rxe5 Qxe5 27. Rxd7 Qg3+
28. Kf1 Qxh3+ $19) 24... Rfc8 25. Rd3 (25. Ne4 Qxe5 $19) 25... Be8 26. Rf1 Rab8
27. Qg3 Qe7 $1 28. Rd6 (28. Rd4 $17) 28... Nc4 29. Ne4 (29. Nxc4 Rxc4 30. Rf3
Rbc8 $19) 29... Nxa5 $1 (29... Nxd6 $2 30. exd6 Qa7+ 31. Qf2 Qxf2+ 32. Rxf2
$132) 30. bxa5 Rxc2 $19 31. Rf2 Qa7 32. a6 b4 33. Qd3 b3 34. Nd2 Rc1+ 35. Kg2
b2 36. Nb1 Bc6+ 37. Rxc6 (37. Kg3 Rg1+ $19) 37... Rxc6 {Ftacnik,L} 0-1

[Event "Tilburg"]
[Site "Tilburg"]
[Date "1990.09.18"]
[Round "10"]
[White "Seirawan, Yasser"]
[Black "Timman, Jan H"]
[Result "0-1"]
[WhiteElo "2635"]
[BlackElo "2660"]
[Annotator "ChessBase"]
[PlyCount "78"]
[EventDate "1990.09.??"]
[EventType "tourn"]
[EventRounds "14"]
[EventCountry "NED"]
[EventCategory "16"]
[SourceTitle "CBM 020"]
[Source "ChessBase"]
[SourceDate "1991.02.01"]
[SourceVersion "1"]
[SourceVersionDate "1991.02.01"]
[SourceQuality "1"]

1. d4 Nf6 2. c4 g6 3. Nc3 Bg7 4. e4 d6 5. Be2 O-O 6. Bg5 h6 7. Be3 c5 8. dxc5
Qa5 9. Qd2 dxc5 10. Bxh6 Rd8 11. Qe3 Bxh6 12. Qxh6 Nxe4 13. Rc1 Nc6 14. Nf3 Nd4
15. h4 Nxe2 16. Ng5 $4 (16. h5 $1) 16... Nf6 17. Kxe2 Bf5 $1 18. f3 Qb4 19. b3
Qa3 20. Kf2 Rd2+ 21. Kg3 Rxg2+ 22. Kxg2 Qb2+ 23. Kg3 Nh5+ 24. Qxh5 gxh5 25. Nd5
Kf8 26. Rcd1 e6 27. Nf4 Ke7 28. Rh2 Qe5 29. Rhd2 Qc7 30. Nxf7 Rg8+ 31. Ng5
Rxg5+ 32. hxg5 h4+ 33. Kf2 Qxf4 34. Rd7+ Ke8 35. Rd8+ Kf7 36. R1d7+ Kg6 37.
Rg8+ Kh5 38. Rdg7 Qd2+ 39. Kg1 Qe1+ 0-1

[Event "World Cup"]
[Site "Reykjavik"]
[Date "1991.??.??"]
[Round "11"]
[White "Timman, Jan H"]
[Black "Salov, Valery"]
[Result "1-0"]
[WhiteElo "2630"]
[BlackElo "2665"]
[Annotator "Ftacnik,L"]
[PlyCount "115"]
[EventDate "1991.09.??"]
[EventType "tourn"]
[EventRounds "15"]
[EventCountry "ISL"]
[EventCategory "16"]
[SourceTitle "CBM 026"]
[Source "ChessBase"]
[SourceDate "1992.02.01"]
[SourceVersion "1"]
[SourceVersionDate "1992.02.01"]
[SourceQuality "1"]

1. d4 d5 2. c4 c6 3. Nc3 Nf6 4. e3 g6 5. Nf3 Bg7 6. Be2 O-O 7. O-O e6 8. Qc2
Nbd7 9. Rd1 b6 10. e4 Bb7 $6 {N} (10... dxe4 11. Nxe4 Nxe4 12. Qxe4 Bb7 13. Bf4
$14 {Timman,J-Tal,M/Hilversum m-6/1988/}) 11. e5 Ne8 12. Bg5 f6 13. Bh4 $1 (13.
exf6 Bxf6 14. Bxf6 Qxf6 $14) 13... Qe7 14. Re1 Nc7 15. cxd5 cxd5 16. Nb5 Nxb5
17. Bxb5 Rfc8 18. Qe2 Nf8 19. exf6 Bxf6 20. Bxf6 Qxf6 21. Rad1 (21. g3 $5)
21... Rc7 22. Ne5 Rac8 23. Ba4 a6 24. g3 Qe7 25. a3 (25. h4 Qb4 26. Bb3 a5)
25... b5 26. Bb3 Qd6 27. h4 b4 28. a4 a5 29. Qe3 Ba6 (29... Bc6 30. h5 Be8) 30.
Ra1 $1 Qe7 (30... Bc4 31. Bd1) 31. Kg2 Qf6 32. Bd1 Qf5 33. Qd2 h5 34. Re3 Nd7
35. Rf3 Qe4 36. Nf7 $1 Qxf3+ (36... Rc2 37. Qh6 $18) 37. Bxf3 Kxf7 38. Re1 Nf6
39. Bd1 Rc6 40. Qe3 Kg7 41. Be2 Bxe2 42. Rxe2 Ng4 43. Qd3 Rb6 (43... R8c7 44.
Qb5 Rc2) 44. Rc2 Rxc2 (44... Rbc6 45. Rc5 $1 Rxc5 46. dxc5 Rxc5 47. Qd4+ $18)
45. Qxc2 Rb7 46. Qc1 Rf7 47. f3 Nh6 48. Qc5 Nf5 49. b3 (49. Qxa5 Ne3+ 50. Kf2
Nd1+ 51. Ke2 Nxb2 52. Qxb4 Nc4 $14) 49... Ne3+ 50. Kf2 Nd1+ 51. Kg2 Ne3+ 52.
Kf2 Nd1+ 53. Ke1 Nc3 54. f4 Ne4 55. Qxa5 Nxg3 56. Qb6 g5 57. hxg5 h4 58. Qxe6 {
Ftacnik,L} 1-0

[Event "Linares 10th"]
[Site "Linares"]
[Date "1992.??.??"]
[Round "6"]
[White "Timman, Jan H"]
[Black "Jussupow, Artur"]
[Result "1-0"]
[WhiteElo "2620"]
[BlackElo "2655"]
[Annotator "Horn,Pe"]
[PlyCount "81"]
[EventDate "1992.02.??"]
[EventType "tourn"]
[EventRounds "13"]
[EventCountry "ESP"]
[EventCategory "17"]
[SourceTitle "CBM 028"]
[Source "ChessBase"]
[SourceDate "1992.06.01"]
[SourceVersion "1"]
[SourceVersionDate "1992.06.01"]
[SourceQuality "1"]

1. Nf3 d5 2. g3 c6 3. Bg2 Bg4 4. b3 Nd7 5. Bb2 Ngf6 6. d3 e6 7. O-O Bd6 8. c4
O-O 9. Na3 $5 {Larsens Idee} Re8 {N} (9... a5 10. Nc2 a4 $2 (10... b5 $5 {
Larsen}) 11. b4 $14 {Larsen-Timman, Brüssel 1987}) 10. Nc2 {/\ b4} a5 11. Rc1
$5 (11. a3 b5 (11... Qb6 12. Rb1 {/\ b4}) (11... Nc5 12. Rb1 $1 (12. b4 Na4 (
12... Nb3 $2 13. Rb1 $16) 13. Rb1 Nxb2 14. Rxb2 axb4 15. axb4 dxc4 16. dxc4
Bxf3 17. Bxf3 Be5 $15)) 12. Ncd4 Qb6 13. cxb5 cxb5 14. Rc1 Rec8 {/\ e5}) (11.
Rb1 b5) (11. Qd2 b5) (11. Ne3 Bh5) 11... Bh5 (11... b5 $2 12. Ncd4 $16) (11...
e5 $6 12. Ne3 Bh5 (12... Be6 13. Ng5) 13. cxd5 cxd5 14. Nf5 Bf8 $14 15. d4 e4
16. Ne5) 12. Re1 (12. e4 $2 dxe4 13. dxe4 Nxe4 14. Qd4 Ndf6 $19) 12... Qb6 {
/\ a4} 13. Rb1 Qa7 (13... a4 $2 14. b4 $14) 14. a3 {/\ b4} Rad8 15. Qd2 (15. b4
$6 axb4 16. axb4 dxc4 17. dxc4 Ne5 $10) 15... e5 16. Nh4 Bc5 17. e3 dxc4 (17...
e4 $6 18. b4) 18. bxc4 (18. b4 $2 axb4 19. axb4 Bf8 20. dxc4 Nc5) 18... Bf8 {
/\ Nc5 (><d3)} 19. d4 Nc5 20. f3 $5 exd4 (20... e4 $2 21. f4 Nd3 22. Rf1 $16 {
/\ h3,g4}) (20... Nb3 $2 21. Qc3 a4 22. dxe5 $18) 21. exd4 Nb3 (21... Ne6 22.
Qf2) 22. Qf4 (22. Qc3 $2 Nxd4 23. Nxd4 Rxd4 24. Qxd4 Bc5) 22... b5 (22... Bd6
23. Rxe8+ Nxe8 24. Qe3 (24. Qg5 Nf6 25. Kh1 {/\ d5+/-}) 24... a4 25. Nf5 $16)
23. Bf1 $1 Rxe1 (23... bxc4 24. Bxc4 a4 $13) 24. Rxe1 Bd6 $2 (24... bxc4 25.
Bxc4 a4 26. Kg2 Qb8 $13) 25. Qe3 a4 26. cxb5 cxb5 (26... Qb6 27. bxc6 Qxc6 28.
Nb4 Bxb4 29. axb4 Re8 30. Qf2 Rxe1 31. Qxe1 Bxf3 32. Nxf3 Qxf3) 27. Bxb5 Qb8 $6
28. Bxa4 Na5 (28... Bxg3 29. hxg3 Qxg3+ 30. Ng2 Bxf3 31. Qf2 $18) 29. Bc1 Nc4
30. Qe2 Rc8 31. Bg5 Nd5 32. Bd7 $1 Rc7 33. Bf5 $18 Bf8 34. Qe4 Nc3 35. Qd3 g6
36. g4 gxf5 37. gxh5 Nd5 38. Qxf5 Nd6 39. Qxd5 Rxc2 40. Bf4 h6 41. Nf5 1-0

[Event "Candidates FIDE sf3"]
[Site "Sanghi Nagar"]
[Date "1994.??.??"]
[Round "1"]
[White "Salov, Valery"]
[Black "Timman, Jan H"]
[Result "0-1"]
[WhiteElo "2710"]
[BlackElo "2635"]
[Annotator "Salov,V"]
[PlyCount "134"]
[EventDate "1994.07.??"]
[EventType "match"]
[EventRounds "8"]
[EventCountry "IND"]
[SourceTitle "CBM 042"]
[Source "ChessBase"]
[SourceDate "1994.10.01"]
[SourceVersion "1"]
[SourceVersionDate "1994.10.01"]
[SourceQuality "1"]

1. Nf3 {Ftacnik Ribli} Nf6 2. c4 e6 3. g3 d5 4. Bg2 dxc4 5. Qa4+ Nbd7 6. Qxc4
a6 7. d3 (7. Qb3 $5 {Ribli} Rb8 (7... Bd6 8. d3 O-O 9. O-O e5 10. Nbd2 $14 {
Kiselev,S-Sveshnikov,E/St.Petersburg zt/1993/}) (7... c5 8. a4 Qb6 9. Qxb6 Nxb6
10. a5 $14 {Petursson,M-Jonsson,B/Akureyri/1994/}) 8. a4 c5 9. d3 Bd6 10. a5 {
Sorokin,M-Sveshnikov,E/Moscow Alekhine op/1992/}) 7... b5 (7... c5 {Ftacnik} 8.
Qb3) 8. Qc6 (8. Qc2 {Ribli} Bb7 9. O-O Be7 10. b3 O-O 11. Bb2 c5 12. Nbd2 Rc8
13. Rac1 Qb6 $10 {Wojtkiewicz,A-Tukmakov,V/Katerini op/1992/}) 8... Rb8 9. Bf4
Nd5 10. Bg5 Be7 11. Bxe7 Qxe7 12. O-O Bb7 13. Qc2 O-O 14. a4 (14. e4 $6 {
Ftacnik} Nb4 15. Qc3 c5) 14... c5 15. axb5 axb5 16. Nc3 Rfc8 17. Ra5 (17. Nxb5
$2 {Ribli} Nb4 18. Qd2 (18. Qc4 Bd5 $19) 18... Bxf3 19. Bxf3 Rxb5 $19) 17...
Nxc3 18. Qxc3 (18. bxc3 {Ftacnik} b4 $132) 18... b4 19. Qc2 Qd8 20. Rb5 (20.
Rfa1 {Ribli} Qb6 $10) 20... Qc7 21. Rc1 Qc6 22. Ra5 Qb6 23. Raa1 (23. Qa4 {
Ftacnik} Bc6 24. Qa2 Ra8) 23... h6 24. Nd2 Bxg2 25. Kxg2 Ra8 26. Nc4 (26. Qc4
Qc6+ 27. Qe4 Qd5 28. Nc4 $14) 26... Qc6+ 27. e4 $2 (27. Kg1 $10 {Ftacnik})
27... Rxa1 28. Rxa1 Ra8 $10 29. Rc1 Rd8 30. Qe2 (30. h3 $5 {Ribli}) 30... Nb6
31. Ne5 (31. Na5 Qb5 32. Nb7 $2 Rxd3 33. Nxc5 Rxg3+ $19) (31. Nxb6 $10) (31.
Nxb6 {Ftacnik} Qxb6 32. Qc2 Qd6 33. Qxc5 Qxc5 34. Rxc5 Rxd3 $10) 31... Qd6 32.
Qh5 (32. Nc4 {Ftacnik} Nxc4 33. Rxc4 Qxd3 34. Qxd3 Rxd3 35. Rxc5 Rd2 $15) 32...
Rf8 (32... g6 $2 33. Nxg6 Qxd3 34. Ne5 Qxe4+ 35. Kg1 $44) 33. b3 $2 (33. Ra1
$36) 33... f5 $5 34. Ng6 Rf7 35. Nf4 $2 (35. Qe2 $142) (35. Qe2 $5 {Ribli}) (
35. Qe2 $5 {Ftacnik}) 35... e5 36. Qg6 (36. Ng6 {Ftacnik Timman}) 36... Rf6 37.
Qe8+ Kh7 38. Nh5 Rf8 39. Qb5 Nd7 (39... fxe4 40. dxe4 Rxf2+ 41. Kxf2 Qd2+ 42.
Kf3 Qxc1 43. Nxg7) 40. Ra1 fxe4 (40... g6 $2 {Ribli} 41. Ra7 Rf7 42. Rxd7 Rxd7
43. Qxd7+ Qxd7 44. Nf6+ $18) 41. Ra7 $8 Rf7 (41... Qd4 $2 42. Qxd7 Qxf2+ 43.
Kh3 Qf1+ 44. Kh4 $18) 42. Qc4 $8 (42. dxe4 {Ribli} Qd2 43. Qf1 g6 $19) 42...
Qg6 $1 43. Qxe4 c4 $1 $19 (43... Qxe4+ $2 44. dxe4 c4 (44... g6 45. Rxd7 $18)
45. bxc4 b3 46. Rb7 Nc5 (46... g6 47. Nf6+) 47. Rxf7 b2 48. Rxg7+ Kh8 49. Re7
b1=Q 50. Nf6 $18) 44. Qxg6+ (44. bxc4 Nc5 45. Qxg6+ Kxg6 46. Ra5 Rc7 (46...
Nxd3 $19 {Ribli}) (46... Nxd3 $19 {Ftacnik}) 47. d4 exd4 48. Nf4+ Kf7 49. Nd5
Rb7 $19) (44. Qxc4 $2 {Ftacnik} Qxh5 $19) (44. Qd5 {Ftacnik} Qxh5 45. Rxd7 Rxd7
46. Qxd7 cxb3 $17) 44... Kxg6 45. dxc4 Kxh5 46. Ra5 (46. c5 Kg6 47. c6 Nb6 48.
c7 Nc8 $19) (46. Rb7 Kg6 47. Rxb4 Nc5 $19) 46... Kg6 47. f3 Kf6 (47... Rf5 {
Ftacnik} 48. Rb5 e4 $1) 48. Rb5 Rf8 49. Rxb4 Rb8 $2 (49... Ra8 $142) 50. Rxb8
Nxb8 51. b4 Nc6 52. b5 Na5 53. c5 Ke6 54. Kf2 (54. b6 {Ftacnik} Kd5 $19) 54...
Nb3 55. c6 Kd6 56. Ke3 Nd4 57. b6 $1 Nxc6 (57... Kxc6 58. Ke4 Kxb6 59. Kxe5
Nxf3+ 60. Kf5 Nxh2 (60... g5 61. h4 gxh4 62. gxh4 Nxh4+ 63. Kg4 $10) 61. Kg6
Nf1 (61... Ng4 {Ribli} 62. Kxg7 Kc5 63. Kg6 Kd4 64. Kh5 $10) 62. Kxg7 h5 63.
Kg6 (63. Kh6 {Ftacnik} Nxg3 64. Kg5 Kc5 65. Kh4 $10) 63... Nxg3 64. Kg5 $10)
58. Ke4 $4 (58. f4 $1 $10) (58. f4 $1 {Ribli}) (58. f4 $1 $17 {Ftacnik}) 58...
Ke6 $1 59. b7 (59. f4 Nb8 $3 60. fxe5 Nd7 61. b7 Nc5+ $19) 59... Nb8 $1 60. f4
Nd7 61. Ke3 e4 $19 62. Kd4 (62. Kxe4 {Ftacnik} Nc5+ 63. Ke3 Nxb7 $19) 62... h5
63. h3 Kf5 64. Ke3 g6 65. g4+ (65. Kd4 {Ftacnik} h4 66. gxh4 Kxf4 $19) 65...
hxg4 66. hxg4+ Kxg4 67. Kxe4 Nc5+ 0-1